000 01041nam0a2200289 4500
001 RU\NLR\BIBL_A\011902768
005 20190117155135.0
010 _a978-5-17-111879-2
_92000
021 _aRU
_bКН-П-18-091594
_9КН-П-18-6653
035 _a(NLR Aleph) 011902768
035 _a(RuMoRGB)009826735
090 _a10892003
_c10892003
100 _a20181227d2018 u y0rusy50 ca
101 1 _arus
_ceng
102 _aRU
105 _aa|||z|||000ay
200 1 _aЖенщина-кошка
_eпохитительница душ
_e[роман]
_fСара Дж. Маас
_g[перевод с английского Анастасии Платоновой]
210 _aМосква
_cАСТ
_d2018 (макет 2019)
215 _a445, [1] с.
_cил.
_d21
333 _a16+
686 1 _aШ6(7США)67-445{Лх1979-62}
700 1 _aМаас
_bС. Д.
_f1986-
_gСара Дж.
_3RU\NLR\AUTH\770193863
942 _cBOOK
980 _aNB